LEADER 00910nam a2200265 i 4500 001 991000885309707536 005 20020507102749.0 008 940307s1962 us ||| | eng 035 $ab10143348-39ule_inst 035 $aLE00638563$9ExL 040 $aDip.to Fisica$bita 084 $a510(022:076) 084 $a510.50 100 1 $aHawk, Minor C.$024833 245 10$aDescriptive geometry :$bincluding 175 solved problems /$cMinor C. Hawk 260 $aNew York :$bSchaum Publishing Co.,$c1962 300 $a212 p. ;$c27 cm. 490 0 $aSchaum's outline series 650 4$aGeometry 907 $a.b10143348$b17-02-17$c27-06-02 912 $a991000885309707536 945 $aLE006 510(022+076) SCH$g1$i2006000019163$lle006$o-$pE0.00$q-$rl$s- $t0$u0$v0$w0$x0$y.i10170418$z27-06-02 996 $aDescriptive geometry$9186953 997 $aUNISALENTO 998 $ale006$b01-01-94$cm$da $e-$feng$gus $h0$i1 LEADER 00996nam0 22002651i 450 001 UON00069934 005 20231205102346.766 100 $a20020107d1988 |0itac50 ba 101 $aeng 102 $aGB 105 $a|||| ||||| 200 1 $aNotes on a visit to Eritrea$eobservations and impressions$fBerhane Woldemichael 210 $aNottingham$c[s.n.]$d1988 215 $a34 p.$d30 cm 606 $aERITREA$xPolitica$3UONC019886$2FI 620 $aGB$dNottingham$3UONL000648 676 $a320.9635$cPOLITICA E GOVERNO DELL'ERITREA$v21 700 0$aBERHANE Woldemichael$3UONV043073$0657506 712 $as.n.$3UONV247931$4650 801 $aIT$bSOL$c20240220$gRICA 899 $aSIBA - SISTEMA BIBLIOTECARIO DI ATENEO$2UONSI 912 $aUON00069934 950 $aSIBA - SISTEMA BIBLIOTECARIO DI ATENEO$dSI ET IV E b 029 $eSI AA 11821 7 029 996 $aNotes on a visit to Eritrea$91160973 997 $aUNIOR